| 000 | 01253cab a2200205 4500 | ||
|---|---|---|---|
| 001 | ##L133464 | ||
| 008 | 060511n2006 000 0 eng u | ||
| 035 | _a(Sirsi) u133464 | ||
| 041 | 0 | _aeng | |
| 110 | 2 |
_aHome Builders Federation _94896 |
|
| 245 | 0 | 0 |
_aHBF regional survey of house builders _bMarch 2006 |
| 260 | _c2006 | ||
| 490 | 0 |
_aHousing Market Report _v(167) April 2006, 6-11(6) |
|
| 520 | _aPresents the full results of the March 2006 (HBF) regional survey of house builders. March showed a continued improvement in both visitor numbers and reservations. Although the rate of acceleration appears to have slowed market conditions are considerably better than a year ago. New home prices rose in March for the third successive month and the industry is extremely confident that sales volumes and prices will rise in the year ahead. Buyer confidence has become a less significant constraint on demand. Planning delays remain the major factor holding back supply and land prices and availability are also problematic. Charts and tables. | ||
| 590 | _aIKA230506 | ||
| 650 | 2 | 4 | _aHBF REGIONAL SURVEY OF HOUSE BUILDERS |
| 651 | 4 |
_aEngland and Wales _y1543- |
|
| 690 | _aPROPERTY-RESIDENTIAL PROPERTY-RESIDENTIAL PROPERTY MARKET | ||
| 942 | _n0 | ||
| 999 |
_c77020 _d77020 |
||